<?xml version="1.0" encoding="UTF-8"?>
<collection xmlns="http://www.loc.gov/MARC21/slim">
 <record>
  <leader>02486cam a2200529   4500</leader>
  <controlfield tag="001">1663383049</controlfield>
  <controlfield tag="003">DE-627</controlfield>
  <controlfield tag="005">20240214080637.0</controlfield>
  <controlfield tag="007">tu</controlfield>
  <controlfield tag="008">190417s2018    sp |||||      00| ||spa c</controlfield>
  <datafield tag="020" ind1=" " ind2=" ">
   <subfield code="a">9788477984306</subfield>
   <subfield code="9">978-84-7798-430-6</subfield>
  </datafield>
  <datafield tag="020" ind1=" " ind2=" ">
   <subfield code="a">8477984301</subfield>
   <subfield code="9">84-7798-430-1</subfield>
  </datafield>
  <datafield tag="035" ind1=" " ind2=" ">
   <subfield code="a">(DE-627)1663383049</subfield>
  </datafield>
  <datafield tag="035" ind1=" " ind2=" ">
   <subfield code="a">(DE-599)KXP1663383049</subfield>
  </datafield>
  <datafield tag="035" ind1=" " ind2=" ">
   <subfield code="a">(OCoLC)1157889067</subfield>
  </datafield>
  <datafield tag="035" ind1=" " ind2=" ">
   <subfield code="a">(ZDB-21-EIL)4458275</subfield>
  </datafield>
  <datafield tag="040" ind1=" " ind2=" ">
   <subfield code="a">DE-627</subfield>
   <subfield code="b">ger</subfield>
   <subfield code="c">DE-627</subfield>
   <subfield code="e">rda</subfield>
  </datafield>
  <datafield tag="041" ind1=" " ind2=" ">
   <subfield code="a">spa</subfield>
  </datafield>
  <datafield tag="044" ind1=" " ind2=" ">
   <subfield code="c">XA-ES</subfield>
  </datafield>
  <datafield tag="050" ind1=" " ind2="0">
   <subfield code="a">NK7198.A44</subfield>
  </datafield>
  <datafield tag="082" ind1="0" ind2=" ">
   <subfield code="a">739</subfield>
  </datafield>
  <datafield tag="084" ind1=" " ind2=" ">
   <subfield code="a">KUNST</subfield>
   <subfield code="q">DE-16</subfield>
   <subfield code="2">fid</subfield>
  </datafield>
  <datafield tag="084" ind1=" " ind2=" ">
   <subfield code="a">20.31</subfield>
   <subfield code="2">bkl</subfield>
  </datafield>
  <datafield tag="084" ind1=" " ind2=" ">
   <subfield code="a">21.92</subfield>
   <subfield code="2">bkl</subfield>
  </datafield>
  <datafield tag="100" ind1="1" ind2=" ">
   <subfield code="a">Santos Márquez, Antonio Joaquín</subfield>
   <subfield code="d">1977-</subfield>
   <subfield code="e">VerfasserIn</subfield>
   <subfield code="0">(DE-588)136879551</subfield>
   <subfield code="0">(DE-627)587674180</subfield>
   <subfield code="0">(DE-576)301326932</subfield>
   <subfield code="4">aut</subfield>
  </datafield>
  <datafield tag="245" ind1="1" ind2="0">
   <subfield code="a">José Alexandre y Ezquerra y el triunfo de la rocalla en la platería sevillana</subfield>
   <subfield code="c">Antonio Joaquín Santos Márquez</subfield>
  </datafield>
  <datafield tag="264" ind1=" " ind2="1">
   <subfield code="a">Sevilla</subfield>
   <subfield code="b">Diputación de Sevilla, Servicio de Archivo y Publicaciones</subfield>
   <subfield code="c">2018</subfield>
  </datafield>
  <datafield tag="300" ind1=" " ind2=" ">
   <subfield code="a">205 Seiten</subfield>
   <subfield code="b">Illustrationen</subfield>
   <subfield code="c">20 cm</subfield>
  </datafield>
  <datafield tag="336" ind1=" " ind2=" ">
   <subfield code="a">Text</subfield>
   <subfield code="b">txt</subfield>
   <subfield code="2">rdacontent</subfield>
  </datafield>
  <datafield tag="337" ind1=" " ind2=" ">
   <subfield code="a">ohne Hilfsmittel zu benutzen</subfield>
   <subfield code="b">n</subfield>
   <subfield code="2">rdamedia</subfield>
  </datafield>
  <datafield tag="338" ind1=" " ind2=" ">
   <subfield code="a">Band</subfield>
   <subfield code="b">nc</subfield>
   <subfield code="2">rdacarrier</subfield>
  </datafield>
  <datafield tag="490" ind1="1" ind2=" ">
   <subfield code="a">Arte hispalense</subfield>
   <subfield code="v">no. 115</subfield>
  </datafield>
  <datafield tag="500" ind1=" " ind2=" ">
   <subfield code="a">Includes bibliographical references (p. 193-204)</subfield>
  </datafield>
  <datafield tag="583" ind1="1" ind2=" ">
   <subfield code="a">Archivierung/Langzeitarchivierung gewährleistet</subfield>
   <subfield code="f">FID</subfield>
   <subfield code="2">pdager</subfield>
   <subfield code="5">DE-16</subfield>
  </datafield>
  <datafield tag="689" ind1="0" ind2="0">
   <subfield code="d">p</subfield>
   <subfield code="0">(DE-588)1183966997</subfield>
   <subfield code="0">(DE-627)1663440182</subfield>
   <subfield code="a">Alexandre y Ezquerra, José</subfield>
   <subfield code="d">1722-1781</subfield>
   <subfield code="2">gnd</subfield>
  </datafield>
  <datafield tag="689" ind1="0" ind2="1">
   <subfield code="d">g</subfield>
   <subfield code="0">(DE-588)4054671-8</subfield>
   <subfield code="0">(DE-627)106161660</subfield>
   <subfield code="0">(DE-576)209109955</subfield>
   <subfield code="a">Sevilla</subfield>
   <subfield code="2">gnd</subfield>
  </datafield>
  <datafield tag="689" ind1="0" ind2=" ">
   <subfield code="5">(DE-627)</subfield>
  </datafield>
  <datafield tag="787" ind1="0" ind2="8">
   <subfield code="i">Rezensiert in</subfield>
   <subfield code="a">Sánchez-Lafuente Gémar, Rafael</subfield>
   <subfield code="t">[Rezension von: Antonio Joaquín Santos Márquez, José Alexandre y Ezquerra y el triunfo de la rocalla en la platería sevillana]</subfield>
   <subfield code="d">2019</subfield>
   <subfield code="w">(DE-627)1782247580</subfield>
  </datafield>
  <datafield tag="810" ind1="2" ind2=" ">
   <subfield code="a">Provinz Sevilla</subfield>
   <subfield code="t">Publicaciones de la Excelentísima Diputación Provincial de Sevilla y del Instituto de Estudios Sevillanos / Sección arte / Arte hispalense</subfield>
   <subfield code="v">no. 115</subfield>
   <subfield code="9">115</subfield>
   <subfield code="w">(DE-627)166428914</subfield>
   <subfield code="w">(DE-576)9166428912</subfield>
   <subfield code="w">(DE-600)188177-2</subfield>
   <subfield code="7">ns</subfield>
  </datafield>
  <datafield tag="856" ind1="4" ind2="2">
   <subfield code="u">https://swbplus.bsz-bw.de/bsz1663383049inh.htm</subfield>
   <subfield code="m">B:V:DE-576</subfield>
   <subfield code="m">B:B:DE-16</subfield>
   <subfield code="q">application/pdf</subfield>
   <subfield code="v">20190515162700</subfield>
   <subfield code="x">Verlag</subfield>
   <subfield code="3">Inhaltsverzeichnis</subfield>
  </datafield>
  <datafield tag="936" ind1="b" ind2="k">
   <subfield code="a">20.31</subfield>
   <subfield code="j">Bildende Künstler</subfield>
   <subfield code="0">(DE-627)181571080</subfield>
  </datafield>
  <datafield tag="936" ind1="b" ind2="k">
   <subfield code="a">21.92</subfield>
   <subfield code="j">Edelmetallkunst</subfield>
   <subfield code="0">(DE-627)10641576X</subfield>
  </datafield>
  <datafield tag="951" ind1=" " ind2=" ">
   <subfield code="a">BO</subfield>
  </datafield>
  <datafield tag="990" ind1=" " ind2=" ">
   <subfield code="a">Alexandre y Ezquerra, José</subfield>
  </datafield>
  <datafield tag="990" ind1=" " ind2=" ">
   <subfield code="a">Sevilla</subfield>
  </datafield>
  <datafield tag="991" ind1=" " ind2=" ">
   <subfield code="a">Rezensiertes Werk</subfield>
  </datafield>
  <datafield tag="999" ind1=" " ind2=" ">
   <subfield code="a">KXP-PPN1663383049</subfield>
   <subfield code="e">4034398884</subfield>
  </datafield>
 </record>
</collection>
